<?xml version="1.0" encoding="UTF-8"?>
<record
    xmlns:xsi="http://www.w3.org/2001/XMLSchema-instance"
    xsi:schemaLocation="http://www.loc.gov/MARC21/slim http://www.loc.gov/standards/marcxml/schema/MARC21slim.xsd"
    xmlns="http://www.loc.gov/MARC21/slim">

  <leader>01340nam0a22002651  4500</leader>
  <controlfield tag="001">rc\2323150</controlfield>
  <controlfield tag="005">20260407043054.0</controlfield>
  <datafield tag="035" ind1=" " ind2=" ">
    <subfield code="a">(NLR Aleph) 008785471</subfield>
  </datafield>
  <datafield tag="090" ind1=" " ind2=" ">
    <subfield code="a">8008459</subfield>
    <subfield code="c">8008459</subfield>
  </datafield>
  <datafield tag="100" ind1=" " ind2=" ">
    <subfield code="a">20110829g19771978|||y0rusy50      ca</subfield>
  </datafield>
  <datafield tag="101" ind1="0" ind2=" ">
    <subfield code="a">rus</subfield>
  </datafield>
  <datafield tag="102" ind1=" " ind2=" ">
    <subfield code="a">RU</subfield>
  </datafield>
  <datafield tag="105" ind1=" " ind2=" ">
    <subfield code="a">y   z   |||||</subfield>
  </datafield>
  <datafield tag="200" ind1="1" ind2=" ">
    <subfield code="a">&#x41C;&#x435;&#x442;&#x43E;&#x434;&#x438;&#x447;&#x435;&#x441;&#x43A;&#x430;&#x44F; &#x440;&#x430;&#x437;&#x440;&#x430;&#x431;&#x43E;&#x442;&#x43A;&#x430; &#x43F;&#x43E; &#x434;&#x43E;&#x43C;&#x430;&#x448;&#x43D;&#x435;&#x43C;&#x443; &#x447;&#x442;&#x435;&#x43D;&#x438;&#x44E;</subfield>
    <subfield code="e">&#x414;&#x43B;&#x44F; &#x441;&#x442;&#x443;&#x434;&#x435;&#x43D;&#x442;&#x43E;&#x432; III-IV &#x43A;&#x443;&#x440;&#x441;&#x43E;&#x432; &#x433;&#x440;&#x443;&#x43F;&#x43F; &#x441; &#x443;&#x437;&#x431;. &#x44F;&#x437;. &#x43E;&#x431;&#x443;&#x447;&#x435;&#x43D;&#x438;&#x44F; &#x43D;&#x430; &#x43C;&#x430;&#x442;&#x435;&#x440;&#x438;&#x430;&#x43B;&#x435; &#x43D;&#x43E;&#x432;&#x435;&#x43B;&#x43B; &#x410;. &#x41C;&#x43E;&#x440;&#x443;&#x430; "La Rentree", "Les Violettes bu mercredi"</subfield>
    <subfield code="f">&#x41C;-&#x432;&#x43E; &#x432;&#x44B;&#x441;&#x448;. &#x438; &#x441;&#x440;&#x435;&#x434;. &#x441;&#x43F;&#x435;&#x446;. &#x43E;&#x431;&#x440;&#x430;&#x437;&#x43E;&#x432;&#x430;&#x43D;&#x438;&#x44F; &#x423;&#x437;&#x421;&#x421;&#x420;, &#x422;&#x430;&#x448;&#x43A;. &#x433;&#x43E;&#x441;. &#x43F;&#x435;&#x434;. &#x438;&#x43D;-&#x442; &#x438;&#x43D;&#x43E;&#x441;&#x442;&#x440;. &#x44F;&#x437;. &#x438;&#x43C;. &#x424;. &#x42D;&#x43D;&#x433;&#x435;&#x43B;&#x44C;&#x441;&#x430;</subfield>
    <subfield code="g">[&#x421;&#x43E;&#x441;&#x442;. &#x425;&#x43E;&#x436;&#x430;&#x43D;&#x43E;&#x432;&#x430; &#x413;.&#x410;., &#x42E;&#x441;&#x443;&#x43F;&#x43E;&#x432;&#x430; &#x425;.&#x410;.]</subfield>
  </datafield>
  <datafield tag="210" ind1=" " ind2=" ">
    <subfield code="a">&#x422;&#x430;&#x448;&#x43A;&#x435;&#x43D;&#x442;</subfield>
    <subfield code="c">&#x411;. &#x438;.</subfield>
    <subfield code="d">1977 (&#x432;&#x44B;&#x43F;. &#x434;&#x430;&#x43D;. 1978)</subfield>
  </datafield>
  <datafield tag="215" ind1=" " ind2=" ">
    <subfield code="a">29 &#x441;.</subfield>
    <subfield code="d">21</subfield>
  </datafield>
  <datafield tag="333" ind1=" " ind2=" ">
    <subfield code="a">&#x41D;&#x430; &#x43F;&#x440;&#x430;&#x432;&#x430;&#x445; &#x440;&#x443;&#x43A;&#x43E;&#x43F;&#x438;&#x441;&#x438;</subfield>
  </datafield>
  <datafield tag="604" ind1=" " ind2="1">
    <subfield code="1">700#1$a&#x41C;&#x43E;&#x440;&#x443;&#x430;$b&#x410;.</subfield>
    <subfield code="a">&#x41C;&#x43E;&#x440;&#x443;&#x430;, &#x410;.</subfield>
  </datafield>
  <datafield tag="702" ind1=" " ind2="1">
    <subfield code="a">&#x425;&#x43E;&#x436;&#x430;&#x43D;&#x43E;&#x432;&#x430;</subfield>
    <subfield code="b">&#x413;.&#x410;.</subfield>
    <subfield code="4">220</subfield>
  </datafield>
  <datafield tag="712" ind1="0" ind2="2">
    <subfield code="a">&#x422;&#x430;&#x448;&#x43A;&#x435;&#x43D;&#x442;&#x441;&#x43A;&#x438;&#x439; &#x43F;&#x435;&#x434;&#x430;&#x433;&#x43E;&#x433;&#x438;&#x447;&#x435;&#x441;&#x43A;&#x438;&#x439; &#x438;&#x43D;&#x441;&#x442;&#x438;&#x442;&#x443;&#x442; &#x438;&#x43D;&#x43E;&#x441;&#x442;&#x440;&#x430;&#x43D;&#x43D;&#x44B;&#x445; &#x44F;&#x437;&#x44B;&#x43A;&#x43E;&#x432; &#x438;&#x43C;. &#x424;. &#x42D;&#x43D;&#x433;&#x435;&#x43B;&#x44C;&#x441;&#x430;</subfield>
    <subfield code="3">RU\NLR\AUTH\8810015452</subfield>
    <subfield code="9">528757</subfield>
  </datafield>
  <datafield tag="801" ind1=" " ind2="0">
    <subfield code="a">RU</subfield>
    <subfield code="b">NLR</subfield>
    <subfield code="g">psbo</subfield>
  </datafield>
  <datafield tag="801" ind1=" " ind2="1">
    <subfield code="a">RU</subfield>
    <subfield code="b">ELAR</subfield>
    <subfield code="2">rusmarc</subfield>
  </datafield>
  <datafield tag="852" ind1=" " ind2=" ">
    <subfield code="a">NLR</subfield>
    <subfield code="j">79-6/736</subfield>
  </datafield>
  <datafield tag="942" ind1=" " ind2=" ">
    <subfield code="c">BOOK</subfield>
  </datafield>
  <datafield tag="980" ind1=" " ind2=" ">
    <subfield code="a">NB</subfield>
  </datafield>
  <datafield tag="995" ind1=" " ind2=" ">
    <subfield code="5">2013-10-26</subfield>
    <subfield code="b">NLR01</subfield>
    <subfield code="c">NLR01</subfield>
    <subfield code="e">RF9</subfield>
    <subfield code="f">8785471-10</subfield>
    <subfield code="k">79-6/736</subfield>
    <subfield code="o">0</subfield>
    <subfield code="r">BOOK</subfield>
    <subfield code="s">796736_</subfield>
  </datafield>
</record>
